Click to Translate - Galician - Statistics

General Stats
  • This quiz has been taken 2,320 times
  • The average score is 14 of 20
Answer Stats
Hint Answer % Correct
Potato Pataca
91%
Snake Serpe
91%
Sleep Durmir
89%
Without Sen
84%
Good Bo
81%
Butcher Carniceiro
79%
Very Moi
78%
Sandwich Bocadillo
77%
Old Vello
75%
Sky Ceo
72%
Bee Abella
71%
Buy Mercar
68%
Thursday Xoves
64%
Mirror Espello
63%
Rain Choiva
54%
Ice cream Xeado
54%
Thumb Polgar
53%
Cup Cunca
49%
Lunch Xantar
34%
Empty Baleiro
30%
No matching quizzes found
Score Distribution
Percent of People with Each Score
Percentile by Number Answered
Your Score History
You have not taken this quiz